Ponts par l'image - Statistiques

Statistiques générales
  • Ce quiz a été pris 88 fois
  • Le résultat moyen est 7 sur 15
Statistiques - réponses
Par images Hint Réponse % Correct
Pont des Soupirs Italie
97%
Viaduc de Millau France
96%
Pont de Glen Canyon Etats-Unis
87%
Pont d'Alcántara Espagne
78%
Pont de l'Øresund Danemark (premier plan); Suède
70%
Tasman Bridge Australie
47%
Kapellbrücke Suisse
45%
Pont du Forth Royaume-Uni
42%
Stari Most Bosnie-Herzégovine
31%
Pont de la Confédération Canada
23%
Pont Hélix Singapour
23%
Pont Seri Wawasan Malaisie
18%
Pont des Martyrs du 15-Juillet Turquie
10%
Pont d'Anji Chine
8%
Pont du port d'_______ Nouvelle-Zélande
3%
Aucun quiz correspondant
Distribution des résultats
% des personnes avec chaque résultat
Percentile par nombre de réponses
Votre historique - résultats
Vous n’avez pas pris ce quiz